Das Grab des Nefersecheru (TT 296)

محفوظ في:

المؤلف الرئيسي: Erika Feucht

مؤلفون آخرون: Jan Assmann

التنسيق: كتاب

اللغة: Undetermined

منشور في: Mainz am Rhein van Zabern 1985

سلاسل: Theben, Bd. 2.

الموضوعات:

الوسوم: إضافة وسم

لا توجد وسوم, كن أول من يضع وسما على هذه التسجيلة!

رقم الطلب: (F) DT73 .T3 T65 v.1

LEADER 00961nam a2200229Ia 4500
008 220904s9999||||xx |||||||||||||| ||und||
020 |a 3805308256 
050 |a (F) DT73 .T3 T65 v.1 
100 1 |a  Erika Feucht 
245 1 0 |a Das Grab des Nefersecheru (TT 296)   |c Erika Feucht, Jan Assmann 
264 1 |a Mainz am Rhein  |b  van Zabern  |c 1985 
300 |a viii, 161.p v. lxxxi p. of plates  |b ill. (some col.)   |c 34cm 
490 0 |a  Theben, Bd. 2. 
500 |a egyptian ( in hieroglyphics and transliterated form ) with german translation and explanations. 
504 |a Includes bibliographical referencesn and indexes 
505 0 |a Egypt -- Antiquities.  
650 4 |a Excavations (Archaeology) -- Egypt -- Thebes (Extinct city)  
650 4 |a Nefersecheru -- Tomb 
700 1 |a  Jan Assmann 
942 |2 lcc  |c BK 
952 |0 0  |1 0  |2 lcc  |3 V.2  |4 0  |7 1  |9 42720  |a ARCE  |b ARCE  |d 2022-09-04  |l 0  |o (F) DT73 .T3 T65 v.2  |p 1022202  |r 2022-09-04 00:00:00  |w 2022-09-04  |y BK 
999 |c 49393  |d 49393